Filme mit Musik von Hans Zimmer - Sudden Death - Statistiken

Allgemein
  • Dieses Quiz wurde 114 mal gespielt
  • Das Durchschnittsergebnis liegt bei 6 aus 15
Answers on the Grid
Answers color-coded by a green-red scale on the quiz's grid according to % correct below.
Inception
Interstellar
König der Löwen
Kung Fu Panda
Miss Daisy und ihr Chauffeur
Mr. Bill
Fluch der Karibik
Gladiator
F1
Dune
James Bond: Keine Zeit zu sterben
Man of Steel
The Dark Knight
Sherlock Holmes (Film)
The Last Samurai
Jurassic Park
Jurassic World
Ice Age
The Avengers
Spiderman: Homecoming
Sherlock Holmes (Serie)
Harry Potter
Zurück in die Zukunft
Star Wars
Die Tribute von Panem
Der Herr der Ringe
Ender's Game
Daredevil (Serie)
Daredevil (Film)
Cars
 
Antwortstatistiken
Antwort % Korrekt
Interstellar
65%
Inception
63%
Fluch der Karibik
59%
Dune
54%
Gladiator
54%
The Dark Knight
49%
König der Löwen
45%
F1
41%
The Last Samurai
28%
James Bond: Keine Zeit zu sterben
24%
Man of Steel
24%
Kung Fu Panda
23%
Sherlock Holmes (Film)
21%
Miss Daisy und ihr Chauffeur
8%
Mr. Bill
6%
Keine übereinstimmenden Quizze gefunden
Verteilung der Resultate
Anzahl Personen mit jedem Resultat
Perzentil nach korrekt beantworteten Fragen
Ihre Resultats-Entwicklung
Sie haben dieses Quiz noch nicht gespielt